Recognize: the Asian [pic] - Statistics

General Stats
  • This quiz has been taken 21 times
  • The average score is 5 of 16
Answer Stats
Picture Answer % Correct
Jackie Chan
95%
Gal Gadot
63%
Genghis Khan
53%
Indira Gandhi
47%
Jet Li
47%
Manny Pacquiao
42%
Emperor Hirohito
32%
Pol Pot
32%
Deng Xiaoping
26%
Nursultan Nazarbayev
26%
Zhang Ziyi
26%
Ip Man
21%
Sammo Hung
16%
Queen Rania
11%
Bhumibol Adulyadej / Rama IX
5%
Fan Bingbing
5%
No matching quizzes found
Score Distribution
Percent of People with Each Score
Percentile by Number Answered
Your Score History
You have not taken this quiz